Statistics for Mammals by Picture #1

Click here to take the quiz!

General Stats

  • This quiz has been taken 19,142 times
  • The average score is 15 of 18

Answer Stats

Answer % Correct
Giant Panda
100%
Zebra
99%
Elephant
99%
Tiger
98%
Polar Bear
98%
Camel
97%
Llama
96%
American Bison
94%
Raccoon
92%
Sloth
91%
Armadillo
90%
Beaver
90%
Orangutan
89%
Baboon
74%
Badger
74%
Opossum
70%
Tasmanian Devil
51%
Shrew
44%

Score Distribution

Percentile by Number Answered

Percent of People with Each Score

Your Score History

You have not taken this quiz